Normal view
MARC view
- Short stories, Filipino
Entry Topical Term
001 - CONTROL NUMBER
- control field: 38863
003 - CONTROL NUMBER IDENTIFIER
- control field: OSt
005 - DATE AND TIME OF LATEST TRANSACTION
- control field: 20190621140848.0
008 - FIXED-LENGTH DATA ELEMENTS
- fixed length control field: 190621|| aca||aabn | a|a d
040 ## - CATALOGING SOURCE
- Original cataloging agency: OSt
- Transcribing agency: OSt
150 ## - HEADING--TOPICAL TERM
- Topical term or geographic name entry element: Short stories, Filipino
670 ## - SOURCE DATA FOUND
- Source citation: Work cat.: (OSt)13954: 38862 Pineda, Macario, Talambuhay ng aming nayon/, c1990.
